000 01203cam a2200337 a 4500
999 _c4418
_d4418
001 12512133
003 GZU
005 20210316091926.0
008 010823s2001 enka b 001 0 eng d
010 _a 2001273642
015 _aGBA0-X6109
020 _a0761964762
020 _a0761964770 (pbk.)
035 _a(OCoLC)ocm47138970
040 _aTXA
_cTXA
_dUKM
_dEMU
_dDLC
042 _alccopycat
050 0 0 _aP93.5
_b.HAN 2001
082 0 0 _a302.23
_221
245 0 0 _aHandbook of visual analysis /
_cedited by Theo Van Leeuwen and Carey Jewitt.
260 _aLondon ;
_aThousand Oaks [Calif.] :
_bSAGE,
_c2001.
300 _axii, 210 p. :
_bill. ;
_c25 cm.
504 _aIncludes bibliographical references and index.
650 0 _aVisual communication.
700 1 _aVan Leeuwen, Theo,
_d1947-
700 1 _aJewitt, Carey.
856 4 2 _3Publisher description
_uhttp://www.loc.gov/catdir/enhancements/fy0657/2001273642-d.html
856 4 1 _3Table of contents only
_uhttp://www.loc.gov/catdir/enhancements/fy0657/2001273642-t.html
906 _a7
_bcbc
_ccopycat
_d2
_encip
_f20
_gy-gencatlg
942 _2lcc
_cBK
_h93.5
_iHAN
_kP